书目信息 |
| 题名: |
能源地下结构的理论与应用
|
|
| 作者: | 夏才初 , 张国柱 , 孙猛 著 | |
| 分册: | ||
| 出版信息: | 上海 同济大学出版社 2015.10 |
|
| 页数: | 246页 | |
| 开本: | 27cm | |
| 丛书名: | ||
| 单 册: | ||
| 中图分类: | TU111.4 | |
| 科图分类: | ||
| 主题词: | 热泵--re beng--应用--建筑--节能--研究 | |
| 电子资源: | ||
| ISBN: | 978-7-5608-6026-8 | |
| 000 | 01382nam0 2200313 450 | |
| 001 | 0100195227 | |
| 005 | 20201204111159.16 | |
| 010 | @a978-7-5608-6026-8@b精装@dCNY88.00 | |
| 100 | @a20151210d2015 em y0chiy50 ea | |
| 101 | 0 | @achi |
| 102 | @aCN@b310000 | |
| 105 | @aak a 000yy | |
| 106 | @ar | |
| 200 | 1 | @a能源地下结构的理论与应用@Aneng yuan di xia jie gou de li lun yu ying yong@e地下结构内埋管的地源热泵系统@f夏才初, 张国柱, 孙猛著@Fxia cai chu , zhang guo zhu , sun meng zhu |
| 210 | @a上海@c同济大学出版社@d2015.10 | |
| 215 | @a246页@c图@d27cm | |
| 300 | @a上海出版基金项目 | |
| 320 | @a有书目 (第243-245页) | |
| 330 | @a本书是作者研究团队近5年内的最新研究成果的总结。主要介绍了能源地下结构的概念、类型和工作原理 ; 系统论述了能源地下结构的传热理论、勘察和测试方法、设计计算方法、施工技术与质量控制技术、以及能源地下结构中的热交换管与地下结构的热学和力学相互作用, 还给出了两个城市地下工程和一个山岭隧道工程中能源地下结构的应用实例。 | |
| 517 | 1 | @a地下结构内埋管的地源热泵系统@Adi xia jie gou nei mai guan de di yuan re beng xi tong |
| 540 | @a能源地下结构的理论及应用 | |
| 606 | 0 | @a热泵@Are beng@x应用@x建筑@x节能@x研究 |
| 690 | @aTU111.4@v5 | |
| 701 | 0 | @a夏才初@Axia cai chu@4著 |
| 701 | 0 | @a张国柱@Azhang guo zhu@4著 |
| 701 | 0 | @a孙猛@Asun meng@4著 |
| 801 | @aCN | |
| 901 | @a22 | |
| 905 | @a河南城建学院图书馆@b1294673-5@dTU111.4@eX172@f3 | |
| 能源地下结构的理论与应用:地下结构内埋管的地源热泵系统/夏才初, 张国柱, 孙猛著.-上海:同济大学出版社,2015.10 |
| 246页:图;27cm |
| 上海出版基金项目 |
| ISBN 978-7-5608-6026-8(精装):CNY88.00 |
| 本书是作者研究团队近5年内的最新研究成果的总结。主要介绍了能源地下结构的概念、类型和工作原理 ; 系统论述了能源地下结构的传热理论、勘察和测试方法、设计计算方法、施工技术与质量控制技术、以及能源地下结构中的热交换管与地下结构的热学和力学相互作用, 还给出了两个城市地下工程和一个山岭隧道工程中能源地下结构的应用实例。 |
| ● |
| 相关链接 |
|
|
|
正题名:能源地下结构的理论与应用
索取号:TU111.4/X172
 
预约/预借
| 序号 | 登录号 | 条形码 | 馆藏地/架位号 | 状态 | 备注 |
| 1 | 1294673 | 212946738 | 建筑库101/101建筑库 24排4列2层/ [索取号:TU111.4/X172] | 在馆 | |
| 2 | 1294674 | 212946745 | 土木与交通工程学院资料室/101建筑库 1排2列4层/ [索取号:TU111.4/X172] | 在馆 | |
| 3 | 1294675 | 212946752 | 建筑库101/101建筑库 24排4列2层/ [索取号:TU111.4/X172] | 在馆 |